| 000 | 00829nam a22002537a 4500 | ||
|---|---|---|---|
| 999 |
_c3397 _d3397 |
||
| 003 | AR-CdUCM | ||
| 008 | 190306b ||||| |||| 00| 0 spa d | ||
| 040 |
_aMUNICIPALIDAD PROVINCIAL DEL CUSCO _cBIBLIOTECA MUNICIPAL DEL CUSCO |
||
| 041 | _heng | ||
| 082 |
_a338.9 / _bC86 |
||
| 100 |
_aCoyle, Cushman _911223 |
||
| 245 | _aDesarrollo Nacional y su funcionamiento / | ||
| 260 |
_aMexico : _bhispano Americana, _c1963. |
||
| 300 |
_a238 paginas : _c17cm. |
||
| 440 |
_aEconomia _n13 _911224 |
||
| 500 | _aInforme de investigación. Proyecto estudios comparativos de comunidades campesinas altoandinas | ||
| 650 |
_aAsociaciones Campesinas _911225 |
||
| 650 |
_aMexico _918 |
||
| 650 |
_aHistoria _9136 |
||
| 650 |
_aLatinoamerica _94398 |
||
| 700 |
_aGomez Palacio, Francisco _911226 |
||
| 942 |
_2ddc _cLIBROS |
||
| 945 | _apjha | ||